000 02382nab a2200265 ab4500
005 20260205135809.0
008 251016c2025 cl tr p#o# #00| spa d
003
040 _aMX-MxUPN
_bspa
_cMX-MxUPN
_eaacr2
100 1 _aContreras Villalobos, Tabata
_958678
100 1 _aHerrera Urízar, Gustavo
_958679
245 1 0 _aSubjetividad e identidad docente en la era de la Inteligencia Artificial
_h[recurso electrónico en línea]
506 0 _aAcceso abierto
520 3 _aEl avance de la Inteligencia Artificial (IA), la datificación y el uso de plataformas digitales ha generado transformaciones significativas en el ámbito educativo. Estas pueden afectar la configuración de la subjetividad docente en el marco de la gubernamentalidad algorítmica, no solo por su potencial estandarizador u homogeneizante, sino porque, como toda tecnología, inciden de múltiples maneras en los procesos educativos. Este trabajo, desde un enfoque crítico y fundamentado en la biopolítica y la psicopolítica, analiza el impacto de la IA en la subjetividad y la identidad docente, con la finalidad de explorar sus posibles efectos en el devenir educativo. Se realizaron entrevistas a 18 estudiantes universitarias de la Facultad de Educación de una universidad pública de Barcelona, indagando sobre sus experiencias y expectativas de la IA en los procesos de aprendizaje. Mediante un análisis de contenido, se identificaron los principales discursos que revelan cómo la IA no solo opera como una herramienta pedagógica, sino también como un dispositivo de control que redefine las prácticas educativas y reconfigura las relaciones de poder en el ámbito educativo. Finalmente, se reflexiona sobre posibles estrategias de resistencia y reconfiguración de la identidad docente en un escenario mediado por tecnologías inteligentes.
_cPsicoperspectivas.
650 2 _aInteligencia artificial
_95343
653 2 _aGuberamentalidad algorítmica
650 4 _aIdentidad docente
653 2 _aAPA
650 2 _aSubjetividad
_95009
773 _gVol. 24, no. 2, (2025), p. 1-15
_tPsicoperspectivas : individuo y sociedad
_x0718-6924
856 4 _uhttps://www.psicoperspectivas.cl/index.php/psicoperspectivas/article/view/3452
856 4 _uhttps://www.psicoperspectivas.cl/index.php/psicoperspectivas/article/view/3452/2038
902 _aLeonor Sotres/050226
942 _cART-E
999 _c214585
_d214585